000 00521nam a2200193Ia 4500
003 GCL
008 140319s9999 xx 000 0 eng d
040 _aGCL /
_cGCL
082 0 4 _a510
_bG F
100 1 _aGROSSMAN, STANLEY I.
245 1 0 _aFINITE MATHEMATICS 2ND ED /
_cGROSSMAN, STANLEY I.
260 _a[S.N] :
_bWM. C. BROWIN COMMUNICATIONS, INC ،
_c1993
300 _a612 P
650 0 4 _aALGEBRA
650 0 4 _aLIMEAR EQUATIONS
650 0 4 _aDATA COLLECTION
650 0 4 _aLINEAR PROGRAMMING
942 _2ddc
_cBK
999 _c10222
_d10222